Best player on every good soccer team - Statistics

General Stats
  • This quiz has been taken 53 times
  • The average score is 8 of 17
Answer Stats
Hint Answer % Correct
Liverpool Mohamad Salah
96%
Chelsea Cole Palmer
74%
NewCastle Alexander Isak
70%
Man City Kevin De Bruyne
64%
Inter Lautaro Martinez
60%
Arsenal William Saliba
60%
PSG Dembele
57%
Aston Villa Emi Martinez
55%
Leverkusen Florian Wirtz
45%
Nottingham Forest Chris Wood
43%
Real Betis Antony
36%
Atletico Madrid Julian Alvarez
36%
Real Madrid Valverde
36%
Barcalona Raphina
26%
Brighton Joao Pedro
19%
Dortmund Kobel
6%
Bournemouth Dominic Solanke
4%
No matching quizzes found
Score Distribution
Percent of People with Each Score
Percentile by Number Answered
Your Score History
You have not taken this quiz